000 00461nam a2200181Ia 4500
001 15714
005 20260306170216.0
008 260306t1994||||xx |||||||||||||| ||und||
041 _aESP
082 _a579.2
_bH39
100 _aHenig, Robin Marantz
_eAUT
245 2 _aA dancing matrix:
_bhow science confronts emerging viruses
260 _c1994
300 _axvii, 269 páginas :
_c20 cm.
650 _aGEN
654 _aCCN
942 _cLIB
_dJUS
_fJUS
_2ddc
_n
999 _c15714
_d15714